000 00712cam a22002411a 4500
001 6508509
003 ARRUPE
005 20160830091847.0
008 720811s1953 nyu 000 0 eng
010 _a 53012785
035 _a(OCoLC)378809
040 _aDLC
_cODaWU
_dOCoLC
_dTxKT
_dDLC
042 _apremarc
050 0 0 _aBR115.P7
_bN54
082 _a261.7*
100 1 _aNiebuhr, Reinhold,
_925523
245 1 0 _aChristian realism and political problems /
_cby Reinhold Niebuhr.
260 _aNew York :
_bCharles Scribner's Sons
_c1953.
300 _a203 p. ;
_c21 cm.
650 0 _aChristianity and politics.
_925524
906 _a7
_bcbc
_coclcrpl
_du
_encip
_f19
_gy-gencatlg
942 _2lcc
_cMONOGRAPH
999 _c125151
_d125151